|
|
|
|
| LEADER |
00000nab a2200000 a 4500 |
| 001 |
vtls000534329 |
| 003 |
SK-MaSNL |
| 005 |
20260304091125.0 |
| 008 |
250425c1994 xo 0 slo |
| 015 |
|
|
|a SNBRB19rr/mm-uuuuu
|
| 035 |
|
|
|a CL0534467
|
| 035 |
|
|
|a urn:nbn:sk:snk-abboto
|
| 035 |
|
|
|a (urnnbn)urn:nbn:sk:snk:ar-000u4c
|
| 035 |
|
|
|a (uuid)f597884e-d678-4fad-9b75-d36ca5f17a6b
|
| 040 |
|
|
|a SNKBUCL
|b slo
|c SNKBUCL
|e AACR2
|
| 041 |
0 |
|
|a eng
|
| 044 |
|
|
|a xo
|c SK
|
| 080 |
|
|
|a 595.2:598.812:591.521:591.9(437.6)
|2 1981
|
| 080 |
|
|
|a 598.812
|2 1981
|
| 080 |
|
|
|a 591.521
|2 1981
|
| 080 |
|
|
|a 591.9(437.6)
|2 1981
|
| 080 |
|
|
|a 591.69
|2 1981
|
| 100 |
1 |
|
|a Krištofík, Ján,
|d 1950-
|4 aut
|9 27954
|
| 245 |
1 |
0 |
|a Arthropods in nests of the Sand Martin (Riparia riparia LINNAEUS, 1758) in South Slovakia
|c Ján Krištofík, Zbyšek Šustek, Peter Gajdoš
|
| 300 |
|
|
|b Obr. 1, tab. 4, lit. 19 zázn. v rôz. jaz.
|
| 650 |
0 |
7 |
|a článkonožce
|2 SNKPH
|9 31027
|
| 650 |
0 |
7 |
|a brehuľa hnedá
|2 SNKPH
|9 132944
|
| 650 |
0 |
7 |
|a hniezda
|2 SNKPH
|9 4379
|
| 651 |
|
7 |
|a Slovensko južné
|2 SNKPHgeo
|9 161138
|
| 655 |
|
7 |
|a štúdie
|2 SNKPH
|9 57033
|
| 700 |
1 |
|
|a Šustek, Zbyšek,
|d 1953-2024
|4 aut
|9 104153
|
| 700 |
1 |
|
|a Gajdoš, Peter,
|d 1957-
|4 aut
|9 113997
|
| 773 |
0 |
|
|t Biologia
|g Roč. 49, č. 5 (1994), s. 683-690
|x 0006-3088
|
| 850 |
|
|
|a Slovenská národná knižnica
|
| 852 |
|
|
|a Slovenská národná knižnica
|
| 954 |
|
|
|a odborná, vedecká literatúra pôvodná (slovenská)
|2 lita
|
| 954 |
|
|
|a odborná, vedecká literatúra cudzojazyčná (svetová)
|2 lita
|
| 958 |
|
|
|a article15
|
| 958 |
|
|
|a NB
|
| 958 |
|
|
|a RK
|
| 958 |
|
|
|a OND
|
| 958 |
|
|
|a EUIPO
|
| 992 |
|
|
|a RBX
|
| 999 |
|
|
|c 2814213
|d 2816143
|